[Event "Speed Chess Championship Main Event Qua"]
[Site "Chess.com"]
[Date "2022.11.13"]
[Round "3"]
[White "Grischuk, Alexander"]
[Black "Artemiev, Vladislav"]
[Result "1/2-1/2"]
[WhiteElo "2745"]
[BlackElo "2701"]
[EventDate "2022.??.??"]
[Annotator "rafael"]
[PlyCount "130"]
[Beauty "4879753978375"]
[EventType "team-tourn"]
[TimeControl "300+1"]

{Grischuk is a cult figure in the chess world and one of the greatest blitz players in history—his world titles in this modality speak for themselves. In the post-match interview, he mentioned that he usually loses a lot of games to Artemiev in online chess, and therefore his victory came as a surprise to him. One of the things I appreciate about this great player is that you never know when he's joking and when he's serious.} 
1.Nf3 d5 2.g3 g6 3.Bg2 Bg7 4.d4 Nf6 5.O-O O-O 6.c4 c6 7.Qb3 {Artemiev himself has played this variation with White in a classical game.} 7...a5 {An aggressive move that is one of Black's popular choices.} ( 7...Qb6 8.Nc3 Bf5 9.Qxb6 axb6 10.cxd5 Nxd5 11.Nxd5 cxd5 12.Bd2 Nc6 13.e3 {And the game is equal, but Artemiev is a supreme master at winning this kind of position. Artemiev-Murzin, Sochi 2017.} ) 8.cxd5 a4 9.Qd1 cxd5 10.Nc3 Qa5 11.Bd2 Nc6 12.e3 Qa6 13.Re1 {13.Ne5 is another attempt to get the upper hand. It was played in a correspondence game and this is usually a good indication that the move is good.} ( 13.Ne5 Rd8 14.Rc1 ( 14.f4 {is a possible improvement.} ) 14...Nxe5 15.dxe5 Ne4 16.f4 Bf5 {and Black is fine. Grott-Wittal, email 2014.} ) 13...a3 {A new move.} ( 13...Bf5 14.Bf1 Qa7 15.h3 h5 {with an equal position. Nakamura-Svidler, St. Louis (rapid) 2021.} ) ( 13...Rd8 14.Bf1 Qa7 15.h3 h6 {Svidler-Ding, Legends of Chess (rapid) 2020.} ) 14.bxa3 ( 14.Bf1 {It seems logical to bother the queen on a6.} 14...Qb6 15.bxa3 Rxa3 16.Rb1 Qd8 {White has a slight advantage.} ) ( 14.b3 {is also possible.} ) 14...Qxa3 15.Qb3 ( 15.Nb5 {This doesn't offer much either.} 15...Qa4 16.Qxa4 Rxa4 {with an equal endgame.} ) 15...Qxb3 16.axb3 Bf5 17.Ne5 e6 18.Nxc6 bxc6 {Now the position is a bit unpleasant for White, as the b3-pawn can be attacked.} 19.Rxa8 $6 ( 19.b4 {This should be enough for a draw.} 19...Nd7 ( 19...Rfb8 20.Ra5 $1 ) ( 19...Rab8 20.Ra6 ) 20.Bf1 ) 19...Rxa8 20.Rc1 $6 ( 20.Na4 {is better.} ) 20...Rb8 21.Na4 $6 {Another inaccuracy and now Black has good winning chances.} ( 21.f3 $1 {leads to some simplifications and White has drawing chances in the endgame a pawn down after:} 21...Rxb3 22.e4 dxe4 23.fxe4 Rb2 $1 24.exf5 Rxd2 25.fxe6 fxe6 26.h3 ) 21...Rxb3 22.Rxc6 Rd3 $1 {White has problems with the back rank.} 23.Rc2 ( 23.Be1 $2 Rd1 ) 23...Bf8 $1 ( 23...Rxe3 $4 {Of course this is bad because White has an intermediate check before capturing the rook.} 24.Rc8+ ) 24.Ra2 $2 {This move loses due to a nice tactical shot.} ( 24.Rb2 $2 {loses to} 24...Ra3 $1 25.Nc5 Ra1+ 26.Bf1 Bh3 ) ( 24.Nc5 Rxd4 25.Nb3 Bxc2 26.Nxd4 Ba4 {Black has good winning chances, but the game is not over—with pawns on only one side of the board, it is possible to fight for a draw.} ) 24...Bb4 $1 25.g4 {The only chance.} ( 25.Bxb4 Rd1+ 26.Bf1 Bh3 {and Black mates.} ) 25...Bxg4 26.h3 Rxd2 27.Rxd2 Bxd2 28.hxg4 Nxg4 29.Kf1 Nxe3+ $1 {The best way to convert the advantage.} 30.fxe3 Bxe3 31.Nc5 Bxd4 32.Nd3 f5 {With five pawns for the piece, Black has an \"easy\" victory ahead, under normal circumstances. Grischuk mentioned in the interview that he had even considered resigning. But in blitz games, anything can happen.} 33.Bf3 Kf7 34.Bd1 Ke7 35.Ba4 Kd6 36.Be8 Ke7 37.Bc6 g5 38.Bb7 h5 39.Bc8 Kd6 40.Ne1 Bf6 41.Nc2 g4 42.Na3 Bd8 43.Nb5+ Ke5 44.Na7 Bb6 45.Nc6+ Kd6 46.Nb4 h4 47.Kg2 h3+ 48.Kg3 f4+ 49.Kh2 Bd4 50.Nd3 Be3 51.Ne1 Bf2 52.Nd3 Bg3+ 53.Kh1 f3 54.Nb4 {Artemiev methodically advanced his pawns and the game is nearing its end, but now the unbelievable happens.} 54...e5 {This move still doesn't spoil anything.} ( 54...Be5 {Followed by the advance of the g-pawn, is probably the simplest.} ) 55.Bxg4 f2 $4 {The real blunder.} ( 55...e4 56.Nc2 ( 56.Bxh3 e3 ) 56...Ke5 57.Bxh3 d4 58.Kg1 e3 {and the pawns decide.} ) 56.Bxh3 e4 57.Kg2 Bh4 58.Nxd5 Kxd5 59.Bg4 Kd4 60.Kf1 Ke3 61.Be2 Kd2 62.Ba6 e3 63.Be2 Bg3 64.Bh5 e2+ 65.Bxe2 Bh4 1/2-1/2

[Event "Tata Steel Chess India Rapid 2022"]
[Site "Chess.com"]
[Date "2022.11.29"]
[Round "3"]
[White "So, Wesley"]
[Black "Mamedyarov, Shakhriyar"]
[Result "0-1"]
[WhiteElo "2760"]
[BlackElo "2741"]
[EventDate "2022.??.??"]
[Annotator "rafael"]
[PlyCount "70"]
[Beauty "7973069946426"]
[EventType "rapid"]
[TimeControl "1500+10"]

1.d4 Nf6 2.Nf3 e6 3.c4 Bb4+ {The Bogo-Indian Defense is not very popular among the elite, but it's a great defense, especially for club-level players, as the plans are easier to understand than, for example, the Queen's Indian, one of the most positionally complex openings in chess.} 4.Nbd2 d5 {This move has a dubious reputation, but Mamedyarov played it in the first round of the tournament and in the Olympiad as well, so it's clear he has his own opinion.} 5.Qa4+ {This is the critical move.} ( 5.e3 {Gukesh played this in the aforementioned game. Mamedyarov managed to win this one as well—surely a great advertisement for the Bogo.} ) 5...Nc6 6.a3 Be7 7.e3 {The problem with Black's position is the knight on c6, which is why this line is not popular. This poor knight has such a bad reputation because it hinders the c-pawn advance and Black's development. But is this bad reputation justified $2} 7...a5 $1 {[%c_effect a5;square;a5;type;GreatFind;persistent;true] An important move. Maybe White will move the queen to c2, and now Black is ready to advance the pawn to a4 and improve the pawn structure on the queenside. If you find this too abstract, remember that this is not a Sicilian, where the plans are usually geared toward checkmating: the game is more subtle and delicate in some defenses against the queen's pawn openings.} 8.b4 {Again, the most critical.} ( 8.Bd3 O-O 9.O-O Bd7 10.Qc2 a4 11.Ne5 Na5 {and Black was fine in Yilmaz - Mamedyarov, Chennai 2022.} ) ( 8.Qc2 a4 $1 {[%c_effect a4;square;a4;type;GreatFind;persistent;true]} 9.cxd5 exd5 10.Bb5 O-O 11.Bxa4 Bd7 12.Bxc6 Bxc6 13.O-O {Here, Black has to demonstrate the compensation for the pawn, although, with the light-squared bishop and active pieces, there is certainly something. Korobov - Kuzubov, Lvov 2014.} ) 8...dxc4 $1 {[%c_effect c4;square;c4;type;GreatFind;persistent;true] This is Mamedyarov's idea, leading to an underexplored position that will, I believe, become popular after this game.} ( 8...O-O $6 {[%c_effect g8;square;g8;type;Inaccuracy;persistent;true]} 9.c5 {and Black's position becomes very passive.} ) 9.Nxc4 $2 {[%c_effect c4;square;c4;type;Mistake;persistent;true] A novelty and also a rare opening error by So, one of the elite grandmasters with the best theoretical preparation out there.} ( 9.b5 $1 {[%c_effect b5;square;b5;type;GreatFind;persistent;true] is necessary. Now Black has a difficult decision.} 9...Na7 $5 {[%c_effect a7;square;a7;type;Interesting;persistent;true] I believe this move is the most accurate, simply due to the fact that it was played in a recent correspondence game and Black survived.} ( 9...Nb8 10.Nxc4 O-O 11.Bd3 {White has some advantage. The difference in development is clear.} ( 11.Bb2 {Aditya - Jumabayev, Sharjah 2022.} ) ) 10.Nxc4 O-O 11.Bd3 b6 {Diaz - Nekhaev, ICCF email 2020. The position of the knight on a7 is awkward, but Black will try to break through on c6 and bring that knight back into play at some point. This seems to be a critical position for evaluating Black's opening.} ) 9...b5 $3 {[%c_effect b5;square;b5;type;Brilliant;persistent;true] Now Black has a very strong counterplay.} 10.Qxb5 Bd7 11.Qg5 {This move seems forced to human eyes, but actually, there is an alternative.} ( 11.bxa5 $5 {[%c_effect a5;square;a5;type;Interesting;persistent;true] Only a computer would have the courage to play such a move.} 11...Nb4 ( 11...Nxd4 12.Qb2 Nxf3+ 13.gxf3 {leads to an unclear position.} ) 12.Qxb4 $1 {[%c_effect b4;square;b4;type;GreatFind;persistent;true] This is the point. Crazy, But I've seen Kasparov play similar sacrifices before.} 12...Bxb4+ 13.axb4 {A queen is a queen, but maybe White has some compensation. I'd never play this anyway.} ) 11...axb4 12.Qxg7 $2 {[%c_effect g7;square;g7;type;Mistake;persistent;true] Now White is lost.} ( 12.Bd3 {This is the lesser evil.} ) 12...Rg8 13.Qh6 bxa3 {The queen is out of play, and the g8-rook makes it difficult for White to complete his development, as we will see.} 14.Be2 ( 14.Bxa3 {Here, Black has many ways to win. One of them is:} 14...Rg6 15.Qf4 Nb4 16.Rc1 Rxa3 $1 {[%c_effect a3;square;a3;type;GreatFind;persistent;true]} 17.Nxa3 Nbd5 {and the a3-knight is lost.} ) 14...Rxg2 {White's king has nowhere to hide.} 15.Nfe5 Nxe5 16.Nxe5 ( 16.dxe5 {Again, Black has many winning continuations. Let's see one of them:} 16...Ne4 17.Qxh7 Bb4+ 18.Bd2 ( 18.Kf1 Rxf2+ 19.Kg1 Qg5+ ) 18...Nxd2 19.Qh8+ Ke7 20.Qf6+ Kf8 21.Qh8+ Rg8 {and there is no perpetual check.} ) 16...Rg8 $1 {[%c_effect g8;square;g8;type;GreatFind;persistent;true]} 17.Bf3 Qb8 $1 {[%c_effect b8;square;b8;type;GreatFind;persistent;true] Mamedyarov plays with great precision. He brings the queen to the attack and is not afraid of sacrificing the exchange.} 18.e4 ( 18.Bxa8 Qxa8 19.f3 Qa4 {With a devastating attack.} ) 18...Qb3 19.Qe3 Bb4+ 20.Bd2 Qb2 $1 {[%c_effect b2;square;b2;type;GreatFind;persistent;true]} 21.Nxd7 Nxd7 22.Bxb4 ( 22.Rd1 a2 {The a-pawn decides the game.} ) 22...Qxa1+ 23.Ke2 Qb2+ 24.Qd2 c5 $1 {[%c_effect c5;square;c5;type;GreatFind;persistent;true] Another blow.} 25.e5 ( 25.dxc5 Ne5 {and the knight comes to the party.} ) 25...Rb8 26.Bc3 Qxd2+ 27.Kxd2 cxd4 28.Bxd4 Rb3 29.Rc1 Ke7 30.Bd1 Rb5 31.Rc7 Rd5 32.Ke3 Rb8 33.Bc2 Kd8 34.Ra7 Nxe5 35.Be4 Ra5 {A beautiful victory for Mamedyarov.} 0-1

[Event "E World Team Championship"]
[Site "Jerusalem"]
[Date "2022.11.24"]
[Round "5"]
[White "Sindarov, Javokhir"]
[Black "Nihal, Sarin"]
[Result "1-0"]
[WhiteElo "2654"]
[BlackElo "2670"]
[EventDate "2022.??.??"]
[Annotator "Bojkov,Dejan"]
[PlyCount "103"]
[Beauty "6874363617311"]
[EventType "game"]
[EventCountry "ISR"]

1.e4 e5 2.Nf3 Nc6 3.Bc4 Bc5 4.Nc3 {It is fascinating to see our child openings coming into the spotlight.} 4...Nf6 5.d3 d6 6.Na4 Bb6 7.a3 {White is basically opting for an somewhat improved Italian where his knight will trade the black dark-squared bishop via a faster route (rather than the standard Nb1-d2-c4 one, which requires a tempo for the Bc4 retreat.)} 7...h6 8.h3 O-O 9.O-O Be6 10.Bxe6 $5 {[%c_effect e6;square;e6;type;Interesting;persistent;true] Nowadays more popular than 10.Nxb6. In the not-so-distant past, Black was always considered to get an easy kingside game with the maneuver Qd8-e8-g6, Nf6-h5-f4, and an attack along the f- and g-files.} 10...fxe6 11.b4 ( {A top GM game saw instead} 11.Nxb6 axb6 12.Be3 d5 13.Qe2 Qe8 14.Rad1 Qg6 15.Nh4 Qh7 16.Nf3 {1/2-1/2 Nepomniachtchi,I (2792)-So,W (2773) Chess.com 2022} ) 11...Qe8 12.c3 Ne7 $146 {Nihal took some time on his clock before producing this novelty.} ( {An earlier game was with Nihal's great countryman, which went very well for Black after} 12...Nh5 13.Nxb6 axb6 14.Be3 ( {But I suspect that Sindarov would have deprived his opponent fom easy queenside pressure with} 14.a4 $5 {[%c_effect a4;square;a4;type;Interesting;persistent;true] as in the game.} ) 14...Nf4 15.Kh2 Qh5 16.Ng1 Qxd1 17.Rfxd1 Ra4 {and Black was already somewhat better in Tari,A (2654)-Anand,V (2751) Stavanger 2022} ) 13.Re1 Ng6 14.Ra2 $1 {[%c_effect a2;square;a2;type;GreatFind;persistent;true] A nice, semi-waiting but useful move. The rook is overprotecting the f2-pawn and is ready to join the battle along the second rank. Black is in a mini-zugzwang, longing for alternative improvement moves.} 14...Rd8 ( {The line} 14...Nh5 15.d4 Nhf4 16.Nxb6 axb6 17.g3 $1 {[%c_effect g3;square;g3;type;GreatFind;persistent;true] demonstrates that the black knights are not as scary as they seem without the queen's support. White is not afraid of} 17...Nxh3+ 18.Kg2 ) 15.Nxb6 {Now that the black rook has abandoned the a-file the bishop is removed.} 15...axb6 16.a4 Qf7 ( {Nothing yields} 16...Nh5 17.g3 ) 17.Nh2 {Why is White better $2 It is the pawn structure $1 His pawns are more elastic and he has a pleasant choice on how to modify the situation in the center and the kingside. The main drawback of the double-pawns is that they are static, they can only wait for the opponent to attack them.} 17...Kh7 ( {Perhaps Nihal needed to change the central situation himself with} 17...d5 18.Qe2 ( 18.Qc2 Nh4 ) 18...Qd7 {looking for a way to create threats on his own along the d-file and the queenside.} ) 18.g3 Qd7 19.c4 $1 {[%c_effect c4;square;c4;type;GreatFind;persistent;true] Sindarov initiates a central fight.} ( {Also good was} 19.b5 $5 {[%c_effect b5;square;b5;type;Interesting;persistent;true]} 19...d5 20.Rd2 ) 19...d5 20.Rd2 Rf7 21.Qc2 {Now White's plan is to force the central fixation. He does not mind having the black d5-pawn neither traded nor fixed on the d4-square.} 21...c5 ( {Maybe} 21...c6 22.Kg2 b5 {was a better try.} ) 22.b5 {Closing the queenside. White is also moving toward a one-sided kingside play.} 22...Qd6 23.Kg2 Rdf8 24.Qd1 Qd7 25.Rf1 {Sindarov's patient play has been exemplary. He knows that the opponent's position cannot be improved and carefully avoids any random tactics.} ( 25.h4 $5 {[%c_effect h4;square;h4;type;Interesting;persistent;true] To attack the sitting duck on e5 was also great.} ) 25...Rd8 26.Qe2 Ra8 27.Qd1 Rd8 28.Qc2 Qe8 29.Re2 dxe4 {At last, the center is locked $1} ( {From a practical perspective, it made sense to try and sweat the opponent with} 29...Qd7 {although we saw that Sidarov was not in a rush and would have found a way to force the pawn move anyway.} ) ( 29...d4 {was equally bad for Black.} ) 30.dxe4 Rfd7 31.Re3 $1 {[%c_effect e3;square;e3;type;GreatFind;persistent;true] The same smothering policy.} ( {Not allowing any activity with} 31.Bb2 Rd3 ) 31...Nh5 32.Kg1 $1 {[%c_effect g1;square;g1;type;GreatFind;persistent;true]} ( {Not that} 32.Nf3 Nhf4+ {works for Black after} 33.gxf4 Nxf4+ 34.Kh2 Qh5 35.Ng1 {No, Black has nothing here. But why bother calculating it $2} ) 32...Qf7 33.Nf3 {White's plan is clear: pressurize the e5-pawn with every piece that he has, and if needed, use the h-pawn too. If this does not work, then White can open up the kingside with f2-f4 and thus clear the bishop's road toward the g7-pawn and the black king.} 33...Kg8 34.Kh2 ( {Also good was} 34.Bb2 Qf6 35.Bc3 {when the typical exchange sacrifice} 35...Rd4 {does not work due to} 36.Bxd4 cxd4 37.Ra3 ) 34...Nf6 35.Bb2 Qf8 36.Bc3 Nh7 37.Qe2 Qf6 38.Kg2 Ng5 39.Nh2 $1 {[%c_effect h2;square;h2;type;GreatFind;persistent;true] No trades at all $1 Sindarov intends to push the black knights back instead with tempi.} ( 39.Nxg5 Qxg5 40.Kh2 Qf6 41.f4 Rd4 $1 {[%c_effect d4;square;d4;type;GreatFind;persistent;true] only makes White's task easier.} ) 39...Nf7 40.h4 Nf8 41.Ng4 Qg6 42.h5 $5 {[%c_effect h5;square;h5;type;Interesting;persistent;true] Launching the decisive kingside attack that was brewing ever since the center was locked.} ( 42.Nxe5 Nxe5 43.Bxe5 Rd2 44.Qf3 {was the greedy way to play it.} ) 42...Qg5 ( {Certainly not} 42...Qxh5 $4 {[%c_effect h5;square;h5;type;Blunder;persistent;true]} 43.Nf6+ ) 43.f4 Qe7 ( {White gets what he wants after} 43...exf4 44.gxf4 Qe7 45.Rg3 ) 44.f5 ( {A tad more accuare seemed} 44.Rf2 $5 {[%c_effect f2;square;f2;type;Interesting;persistent;true]} 44...exf4 45.gxf4 {with a soon-to-be-decise attack.} ) 44...Nh7 ( 44...exf5 45.exf5 {makes things worse for Black.} ) 45.f6 Nxf6 {Now Nihal stands no chance at all.} ( {He should have tried} 45...gxf6 $1 {[%c_effect f6;square;f6;type;GreatFind;persistent;true]} 46.Ref3 Kg7 {with the hidden resource} 47.Nxf6 ( {If} 47.Qf2 Rd3 $1 {[%c_effect d3;square;d3;type;GreatFind;persistent;true] is coming just in time.} ) 47...Nxf6 48.Rxf6 Qxf6 $1 {[%c_effect f6;square;f6;type;GreatFind;persistent;true]} 49.Rxf6 Kxf6 50.Qg4 Rd2+ $3 {[%c_effect d2;square;d2;type;Brilliant;persistent;true]} 51.Bxd2 Rxd2+ 52.Kg1 Ng5 $1 {[%c_effect g5;square;g5;type;GreatFind;persistent;true] when suddenly the white queen lacks entry squares and Black is doing fine.} ) 46.Nxf6+ gxf6 47.Ref3 Ng5 ( {This time} 47...Kg7 48.Qf2 Rd3 {does not work due to} 49.Rxf6 $1 {[%c_effect f6;square;f6;type;GreatFind;persistent;true]} ) 48.Rxf6 Rd3 49.Qe1 Kh7 50.Bxe5 {White is up a pawn, but has a decisive attack as compensation.} 50...Rg8 51.Qe2 Qd7 52.Qxd3 $1 {[%c_effect d3;square;d3;type;GreatFind;persistent;true] An artistic finish of another great match of the young Uzbek team $1} ( 52.Qxd3 Qxd3 53.Rf7+ Nxf7 54.Rxf7+ Rg7 55.Rxg7+ Kh8 56.Rd7+ ) 1-0